<?xml version="1.0" encoding="UTF-8"?>
<record
    xmlns:xsi="http://www.w3.org/2001/XMLSchema-instance"
    xsi:schemaLocation="http://www.loc.gov/MARC21/slim http://www.loc.gov/standards/marcxml/schema/MARC21slim.xsd"
    xmlns="http://www.loc.gov/MARC21/slim">

  <leader>01541nam a22001937a 4500</leader>
  <controlfield tag="008">120831t        xxu||||| |||| 00| 0 eng d</controlfield>
  <datafield tag="020" ind1=" " ind2=" ">
    <subfield code="a">0844232106</subfield>
  </datafield>
  <datafield tag="050" ind1=" " ind2=" ">
    <subfield code="a">PN4778.F75</subfield>
  </datafield>
  <datafield tag="100" ind1=" " ind2=" ">
    <subfield code="a">Friend, Cecilia</subfield>
  </datafield>
  <datafield tag="245" ind1=" " ind2=" ">
    <subfield code="a">Contemporary editing. /</subfield>
    <subfield code="c">Cecilia Friend, Don Challenger and Katherine C. McAdams</subfield>
  </datafield>
  <datafield tag="260" ind1=" " ind2=" ">
    <subfield code="a">Chicago:</subfield>
    <subfield code="b">NTC / Contemporary Publishing Group Inc.</subfield>
    <subfield code="c">c2000.</subfield>
  </datafield>
  <datafield tag="300" ind1=" " ind2=" ">
    <subfield code="a">xxiii, 631 p.:</subfield>
    <subfield code="b">ill.;</subfield>
    <subfield code="c">23cm.</subfield>
  </datafield>
  <datafield tag="500" ind1=" " ind2=" ">
    <subfield code="a">Includes index.</subfield>
  </datafield>
  <datafield tag="505" ind1=" " ind2=" ">
    <subfield code="a">Contents: Approaching the story: Focus on fundamentals: the editor within -- Focus on news judgement: the editor's attitude -- Focus on skills and tools: the editor in the newsroom -- Focus on grammar: the mechanics of language -- Focus on writing: strong and graceful prose -- Inside the story: editing local stories and community news -- News from afar, editing wire stories -- Making a long story short: editing for brevity and clarity -- After the fact: editing features and more complex story forms -- No safety in numbers: poll and survey stories -- Doing justice: legal issues, ethics and bias -- Beyond the story: Headlines: precison, power and poetry -- An Eye for news: editing photos -- Showing the story: editing information graphics -- The Balancing act: designing pages -- From gatekeeper to guide: online news and 21st-century editing -- Appendix A: Frequently misused words -- Appendix B: Glossary -- Appendix C: Sample dummy sheets. </subfield>
  </datafield>
  <datafield tag="650" ind1=" " ind2=" ">
    <subfield code="b">Journalism </subfield>
    <subfield code="x"> Editing.</subfield>
  </datafield>
  <datafield tag="700" ind1=" " ind2=" ">
    <subfield code="a">Challenger, Don</subfield>
  </datafield>
  <datafield tag="700" ind1=" " ind2=" ">
    <subfield code="a">McAdams, Katherine C.</subfield>
  </datafield>
  <datafield tag="942" ind1=" " ind2=" ">
    <subfield code="2">lcc</subfield>
    <subfield code="c">BK</subfield>
  </datafield>
  <datafield tag="999" ind1=" " ind2=" ">
    <subfield code="c">2264</subfield>
    <subfield code="d">9764</subfield>
  </datafield>
  <datafield tag="952" ind1=" " ind2=" ">
    <subfield code="0">0</subfield>
    <subfield code="1">0</subfield>
    <subfield code="2">lcc</subfield>
    <subfield code="4">0</subfield>
    <subfield code="7">0</subfield>
    <subfield code="a">WIUC-1</subfield>
    <subfield code="b">WIUC-1</subfield>
    <subfield code="c">GEN</subfield>
    <subfield code="d">2012-08-31</subfield>
    <subfield code="l">0</subfield>
    <subfield code="o">PN4778.F75</subfield>
    <subfield code="p">4478/12</subfield>
    <subfield code="r">2012-08-31 00:00:00</subfield>
    <subfield code="w">2012-08-31</subfield>
    <subfield code="y">BK</subfield>
  </datafield>
</record>
